| 000 | 00398nam a2200145 a 4500 | ||
|---|---|---|---|
| 001 | 659 | ||
| 003 | CDMR | ||
| 005 | 20130306112411.0 | ||
| 008 | 130130s1997||||||||||||||||||||||||||||d | ||
| 040 |
_aCDMR _bcat _cCPC LLEIDA |
||
| 100 | 1 |
_aBarrull Pelegrí, Jaume _9501 |
|
| 245 | 1 | 0 |
_aDe la monarquia a la república _cBARRULL PELEGRÍ, Jaume |
| 260 |
_aLleida _c1997 _bAjuntament de Lleida |
||
| 942 |
_cMON _2udc |
||
| 999 |
_c659 _d659 |
||